00312cam a2200109 4500082001700000100001900017245006600036260003700102300001800139526003700157650000800194 a297.127bNIZ1 aJung, Nizamat,13aAn approach to the study of the Qur'an,cby Sir Nizamat Jung. aLahore,bMuhammad Ashrafc[1947] a76 p.c22 cm. a0b0c0d297_127000000000000_NIZ aMCE